Páni z Pernštejna

Titel: Páni z Pernštejna : vzestup a pád rodu zubří hlavy v děj́inach Čech a Moravy / Petr Vorel
Verfasser:
Ausgabe: Vyd. 1.
Veröffentlicht: Praha : Rybka, 1999
Umfang: 318 S. : Ill.
Format: Buch
Sprache: Tschechisch
RVK-Notation:
Schlagworte:
ISBN: 808618224X
Buchumschlag
X
Lokale Klassifikation: 23 7 B ; 23 7 F ; 23 7 G ; 2 P 1370
alg: 11119610
001A    $03004:05-05-03 
001B    $01999:21-05-23 $t00:48:42.000 
001C    $06002:06-03-06 $t08:26:56.000 
001D    $03004:05-05-03 
001U    $0utf8 
001X    $00 
002@    $0Aau 
003@    $0111196108 
003O    $043055676 $aOCoLC 
004A    $080-86182-24-X 
007A    $0111196108 $aHEB 
007T    $0Herdp15470 
010@    $acze 
011@    $a1999 
021A    $aPáni z Pernštejna $dvzestup a pád rodu zubří hlavy v děj́inach Čech a Moravy $hPetr Vorel 
028A    $7133918637 $8Vorel, Petr$Z1963- [Tp1] $9194965333 
032@    $aVyd. 1. 
033A    $pPraha $nRybka 
034D    $a318 S. 
034M    $aIll. 
039U    $8--Aox--Urban, Jan. Vorel, Petr, 1963-. Páni z Pernštejna. - Praha : Rybka. -  1999 [Rezension], 1999 $9395171598 
039U    $8--Aox--Schwaller, Jan. Vorel, Petr, 1963-. Páni z Pernštejna. - Praha : Rybka. -  1999 [Rezension], 1999 $9395176263 
039U    $8--Aox--Hrubý, Vladimír. Vorel, Petr, 1963-. Páni z Pernštejna. - Praha : Rybka. -  1999 [Rezension], 2000 $9395176727 
039U    $8--Aox--Kotyk, Jiří. Vorel, Petr, 1963-. Páni z Pernštejna. - Praha : Rybka. -  1999 [Rezension], 2000 $9395176808 
039U    $8--Aox--Pešek, Jiří$Z1954- [Tp1]. Vorel, Petr, 1963-. Páni z Pernštejna. - Praha : Rybka. -  1999 [Rezension], 2000 $9395176905 
039U    $8--Aox--Řezník, Miloš$Z1970- [Tp3]. Vorel, Petr, 1963-. Páni z Pernštejna. - Praha : Rybka. -  1999 [Rezension], 2000 $9395176948 
039U    $8--Aox--Jan, Libor$Z1960- [Tp1]. Vorel, Petr, 1963-. Páni z Pernštejna. - Praha : Rybka. -  1999 [Rezension], 1999 $9395177065 
039U    $8--Aox--Martinovský, Ivan. Vorel, Petr, 1963-. Páni z Pernštejna. - Praha : Rybka. -  1999 [Rezension], 2000 $9395177243 
039U    $8--Aox--Martinovský, Ivan. Vorel, Petr, 1963-. Páni z Pernštejna. - Praha : Rybka. -  1999 [Rezension], 2000 $9395177251 
044K    $#Pernštejna  $#Pernštejnové  $7119462885 $8$PPernstein$cvon$lFamilie : 1100-1631 [Tp1] $9087802600 
045F    $a900.9437109021 $eDDC23BSB 
045F/01 $a900 
045F/03 $f09021 
045F/03 $f0902 
045F/03 $f09031 
045F/03 $f09032 
045F/03 $g4371 
045R    $aGeschichte 
045Z    $8ND 7760 [Tkv] $9410858668 
046M    $aLiteraturverz. S. 299 - 308 

lok: 11119610 24
101B    $006-12-03 $t23:57:22.000 
101C    $005-05-03 
145Z/01 $a23 7 B 
145Z/02 $a23 7 F 
145Z/03 $a23 7 G 
145Z/04 $a2 P 1370 
101U    $0utf8 

exp: 11119610 24 1 #EPN
201B/01 $005-05-03 $t15:23:12.000 
201C/01 $005-05-03 
203@/01 $018344762X 
208@/01 $a05-05-03 $bz 
209A/01 $a02.5111 $du $f050 $h02 5111 $x00 
209C/01 $a02.5111 K $h02 5111 K 
209G/01 $a70474158 $x00 
247C/01 $8358050-7 Marburg, Bibliothek des Herder-Instituts Marburg $9102600961 
201U/01 $0utf8 

lok: 11119610 25

exp: 11119610 25 1 #EPN
201B/01 $016-12-25 $t11:16:14.000 
201C/01 $004-03-09 
201U/01 $0utf8 
203@/01 $0568157311 
208@/01 $a04-03-09 $bzis 
209A/01 $aQe 445 $dd $f092 $x00 
209C/01 $a53/08 
209G/01 $a76300706 $x00 
209G/01 $aOsteuropäische Geschichte $x01 
247C/01 $8651092-9 <77/092>Mainz, Universität Mainz, Bereichsbibliothek Philosophicum, Standort Osteuropäische Geschichte $9102600414 

lok: 11119610 78

exp: 11119610 78 1 #EPN
201B/01 $025-11-17 $t23:32:58.000 
201U/01 $0utf8 
203@/01 $0792065913 
208@/01 $a12-11-16 $be 
209A/01 $a/ $f000 $x00 
220C/01 $aHerkunft: Hú Av Čr Praha 
237A/01 $aweiterführende Signatur(en):  Herder-Institut: 02.5111 
244Z/01 $#Tschechien $#Tschechische Republik $#Tschechien $#Tschechische Republik $#Tschechenland $#Tschechei Tschechien $#Česká Republika $#Czech Republic $#ČR $74303381-7 $8--Tg1--Tschechien $x01 $9086659812 
244Z/01 $2Trx $#Böhmen $#Bohemia $#Czechy $8--Trx--Čechy $x02 $9391188941 
244Z/01 $aGeschichte 1208-1646 $x03 
244Z/01 $2Trx $#aadel Böömimaa $#Čekijos bajorai $#gentry Bohemia $#nemesség Bohémia $#szlachta Czechy $#šľachta Čechy $#šlechta Čechy $8--Trx--Adel$gBöhmen $x04 $9391368141 
244Z/01 $2Trx $#perekonnad ja sugupõlved $#giminės ir šeimos $#Families and Noble Houses $#családok és nemek $#rody i rodziny $#rodiny a rody $#rodiny a rody $#Geschlechter $#Noble Houses $#rody $#rody $#rody $8--Trx--Familien und Geschlechter $x05 $9391371916 
244Z/01 $2Trx $8--Trx--Monographie $x06 $9391384546 
247C/01 $82080>Marburg/Lahn, Herder-Institut, Forschungsbibliothek, Bibliographieportal $9336309341
LEADER 00000cam a2200000 c 4500
001 111196108
003 DE-603
005 20230521004842.0
007 tu
008 030505s1999 xx |||| | u00||u|cze c
020 |a 808618224X 
035 |a (DE-599)HEB111196108 
035 |a (OCoLC)43055676 
040 |a DE-603  |b ger  |c DE-603  |d DE-603 
041 |a cze 
082 0 4 |8 1\u  |a 900.9437109021  |q DE-101  |2 23/BSB 
084 |a ND 7760  |0 (DE-625)125143:  |0 (DE-603)410858668  |2 rvk 
085 |8 1\u  |b 900 
085 |8 1\u  |z 1  |s 09021 
085 |8 1\u  |z 1  |s 0902 
085 |8 1\u  |z 1  |s 09031 
085 |8 1\u  |z 1  |s 09032 
085 |8 1\u  |z 2  |s 4371 
100 1 |a Vorel, Petr  |d 1963-  |0 (DE-603)194965333  |0 (DE-588)133918637  |2 gnd 
245 0 0 |a Páni z Pernštejna  |b vzestup a pád rodu zubří hlavy v děj́inach Čech a Moravy  |c Petr Vorel 
250 |a Vyd. 1. 
264 1 |a Praha  |b Rybka  |c 1999 
300 |a 318 S.  |b Ill. 
504 |a Literaturverz. S. 299 - 308 
600 3 7 |a Pernstein von  |c Familie : 1100-1631  |0 (DE-588)119462885  |0 (DE-603)087802600  |2 gnd 
648 7 |a Geschichte  |2 gnd 
787 0 8 |i Rezensiert in  |a Urban, Jan  |t Vorel, Petr, 1963-. Páni z Pernštejna. - Praha : Rybka. - 1999 [Rezension]  |w (DE-603)395171598 
787 0 8 |i Rezensiert in  |a Schwaller, Jan  |t Vorel, Petr, 1963-. Páni z Pernštejna. - Praha : Rybka. - 1999 [Rezension]  |w (DE-603)395176263 
787 0 8 |i Rezensiert in  |a Hrubý, Vladimír  |t Vorel, Petr, 1963-. Páni z Pernštejna. - Praha : Rybka. - 1999 [Rezension]  |w (DE-603)395176727 
787 0 8 |i Rezensiert in  |a Kotyk, Jiří  |t Vorel, Petr, 1963-. Páni z Pernštejna. - Praha : Rybka. - 1999 [Rezension]  |w (DE-603)395176808 
787 0 8 |i Rezensiert in  |a Pešek, Jiří, 1954-  |t Vorel, Petr, 1963-. Páni z Pernštejna. - Praha : Rybka. - 1999 [Rezension]  |w (DE-603)395176905 
787 0 8 |i Rezensiert in  |a Řezník, Miloš, 1970-  |t Vorel, Petr, 1963-. Páni z Pernštejna. - Praha : Rybka. - 1999 [Rezension]  |w (DE-603)395176948 
787 0 8 |i Rezensiert in  |a Jan, Libor, 1960-  |t Vorel, Petr, 1963-. Páni z Pernštejna. - Praha : Rybka. - 1999 [Rezension]  |w (DE-603)395177065 
787 0 8 |i Rezensiert in  |a Martinovský, Ivan  |t Vorel, Petr, 1963-. Páni z Pernštejna. - Praha : Rybka. - 1999 [Rezension]  |w (DE-603)395177243 
787 0 8 |i Rezensiert in  |a Martinovský, Ivan  |t Vorel, Petr, 1963-. Páni z Pernštejna. - Praha : Rybka. - 1999 [Rezension]  |w (DE-603)395177251 
924 0 |9 Mb 50  |a (DE-603)18344762X  |b DE-Mb50  |c HES  |d c  |g 02.5111 
924 0 |9 77/092  |a (DE-603)568157311  |b DE-77-092  |c HES  |d d  |g Qe 445 
924 0 |9 2080  |a (DE-603)792065913  |b DE-2080  |c HES  |d d  |g /